00656nam a22002057a 450000500170000001000150001702000260003203500140005803700090007208200120008110000250009324500580011825000060017626000680018227000900025030000260034070000290036670000290039570000260042420241114171422.0 aENG-142625 a9789361590993c575.00 aEN-126157 bDBAD a150.198 aBaumgardne, Steve M  aPositive Psychology/cBy Steve M Baumgardne...[et.al] a1 aUttar PradeshbPearson India Education Services Pvt. Ltd.c2025 a1st Floor, Berger Tower, Plot No. C-001A/2, Sector 16BbNoida (Uttar Pradesh)e201301 axxvii,404p.c25cm(pb) aCrothers, Marie eAuthor aMisra, GirishwareAuthor aSaini, DaminieAuthor